000 00928aam a2200325 i 4500
001 768714001
003 CO-MdFUSB
005 20220228104738.0
007 ta
008 210904t2001 sp ||||| |||| 00| 0 eng d
020 _a8480830727
040 _bspa.
_aCO-MdFUSB
_cCO-MdFUSB
_dCO-MdFUSBC
_erda
041 _aspa
082 0 4 _a492.4
_223
_bO78m
100 1 _aOrtiz V., Pedro
_eautor
245 1 0 _aLéxico hebreo/arameo-español español-hebreo/arameo
_c/ Pedro Ortiz V.
264 1 _aMadrid, España :
_bSociedad Bíblica Internacional,
_c[2001]
264 4 _c© 2001
300 _a216 páginas
_c; 19 cm
336 _2rdacontent
_atexto
_btxt
337 _2rdamedia
_asin mediación
_bn
338 _2rdacarrier
_avolumen
_bnc
563 _aRústico
653 _aLéxico
653 _aHebreo/Arameo-Español
653 _aEspañol-Hebreo/Arameo
942 _cBK
945 _aJTF-925
999 _c34069
_d34069